000 01363nam a2200313 a 4500
001 BRCA_2898
005 20190320204023.0
008 111208s1852----gw-#---###---#000-0#ger-u
041 _ager
044 _agw
084 _a289
_b.H64
_c1852
100 1 _aCervantes Saavedra, Miguel de
_d1547-1616
_9213
245 1 0 _aLeben und Thaten des scharfsinnigen Edlen Don Quixote von La Mancha
_cvon Miguel de Cervantes Saavedra.
260 _aBerlín
_bA. Hofmann
_c1852
300 _a2 v.
_c16 cm.
500 _aContenido : v 1. Primera parte. Dedicatoria del autor. Prólogo del autor. Versos preliminares. Texto. -- v 2. Segunda parte. Dedicatoria del autor. Prólogo del autor. Texto
500 _aEdición : Übersetz von Ludwig Tieck. Dritte ver. Aufl
500 _aTercera edición de la traducción de Tieck. La impresión se distingue por la nitidez de los tipos Lúdovik Osterc
500 _aQM520
546 _aTexto en : alemán
650 1 4 _aNovela española
_yÉpoca clásica, 1500-1700
_9215
650 1 4 _aLiteratura española
_yÉpoca clásica, 1500-1700
_9216
650 1 4 _aNovela española
_ySiglo XVII
_9217
650 1 4 _aDon Quijote (Personaje ficticio)
_eNovela
_ySiglo XVII
_98065
700 1 _aTieck, Johann Ludwig
_d1773-1853
_eTraductor
_98066
740 0 _aEl Ingenioso Hidalgo Don Quijote de la Mancha
902 _aQFM
942 _2lcc
_cB
999 _c2637
_d2637